000 00345nam a2200145Ia 4500
008 211109s9999||||xx |||||||||||||| ||und||
082 _a546
_bHUH-I
100 _aHuheey, James E
245 0 _aInorganic Chemistry
260 _bHarper & Raw
_aLondon
_c1900
300 _a1000p
630 _xGENERAL STACK
650 _vChemistry
942 _cBOOK
999 _c46011
_d46011